000 00491nam a2200193 a 4500
001 1767860136326
003 YourLibrary
005 20260108150648.0
008 260108s2001##################000#0#eng##
020 _a9780761953487
082 0 4 _a301
_bSTE
100 1 _aStehr, Nico,
_eauthor.
245 1 0 _aThe Fragility of Modern Societies :
260 _bSAGE,
_c2001.
300 _a235 pages
650 0 _aSocial Science.
942 _cENGLISH
040 _aYourLibrary
_beng
_cYourLibrary
999 _c607911
_d607911